000 00299nam a2200109 4500
999 _c12413
_d12413
008 190125b ||||| |||| 00| 0 eng d
245 _aWorld's safest truck now in Phl.
260 _aPhilippines
_bThe Philippine Star
_cc2018
300 _apage C2.
650 0 _935032
_aAutomobiles.
942 _2ddc
_cPER